| 000 | 00770nam a22002417a 4500 | ||
|---|---|---|---|
| 001 | 52445 | ||
| 003 | BD-RjUL | ||
| 005 | 20211209075816.0 | ||
| 008 | 160920s2004 ii a|||| |||| 001 0 eng d | ||
| 020 | _a8178812835 | ||
| 035 | _a(BD-RjUL)52565 | ||
| 040 |
_aBD-RjUL _beng _cBD-RjUL |
||
| 041 | _aeng | ||
| 082 |
_223 _a332.10917671 _bISL 2004 |
||
| 245 |
_aIslamic banking : _bcases and profiles / _cEdited by V Subbulakshmi. |
||
| 260 |
_aHyderabad, India : _bICFAI University Press, _c2004. |
||
| 300 |
_aviii, 190 p. : _bill. ; _c24 cm. |
||
| 500 | _aIncludes index. | ||
| 650 |
_aBanks and banking _zIslamic countries. _9156889 |
||
| 650 |
_aBanks and banking _vReligious aspects-- Islam _9156890 |
||
| 700 |
_aSubbulakshmi, V (editors) _9156891 |
||
| 942 |
_2ddc _cBK |
||
| 999 |
_c52445 _d52445 |
||